Normal view
MARC view
- Muhammad Saad Fasih
Entry Personal Name
001 - CONTROL NUMBER
- control field: 15791
003 - CONTROL NUMBER IDENTIFIER
- control field: NUST
005 - DATE AND TIME OF LATEST TRANSACTION
- control field: 20190627114304.0
008 - FIXED-LENGTH DATA ELEMENTS
- fixed length control field: 190627|| aca||aabn | a|a d
040 ## - CATALOGING SOURCE
- Original cataloging agency: NUST
- Transcribing agency: NUST
100 ## - HEADING--PERSONAL NAME
- Personal name: Muhammad Saad Fasih
670 ## - SOURCE DATA FOUND
- Source citation: Work cat.: (NUST): Muhammad Saad Fasih, Optimization of Electro Chemical Machining of ASTM 52100 Bearing Steel (100 Cr6) for Machining Time, Surface Roughness and Kerf Angle /, 2018.
